[Event "Tuimazy Cup Tuimazy-B op"]
[Site "Tuimazy"]
[Date "2016.09.25"]
[Round "7"]
[White "Gabidullin, Vadim"]
[Black "Bigalin, Ilnar"]
[Result "0-1"]
[WhiteElo "1494"]
[BlackElo "1518"]
[PlyCount "118"]
[EventDate "2016.09.17"]
[EventType "swiss"]
[EventRounds "7"]
[EventCountry "RUS"]
[SourceTitle "EXT 2022"]
[Source "ChessBase"]
[SourceDate "2021.10.06"]
[SourceVersion "1"]
[SourceVersionDate "2021.10.06"]
[SourceQuality "1"]

1. e4 e5 2. Nf3 Nc6 3. Bb5 Bc5 4. Nc3 d6 5. d4 exd4 6. Nxd4 Bd7 7. Nxc6 bxc6 8. Bd3 Nf6 9. 0-0 h6 10. Qf3 0-0 11. Qg3 Kh8 12. Ne2 Nh7 13. Nf4 Qg5 14. Qf3 Qg4 15. Qxg4 Bxg4 16. h3 Be6 17. Be3 Bb6 18. a4 Bxe3 19. fxe3 Nf6 20. b4 Nd7 21. c3 Ne5 22. Bc2 Rab8 23. Nd3 Nc4 24. Rfe1 Nb6 25. e5 Nd7 26. exd6 cxd6 27. Nf2 Nf6 28. Rad1 d5 29. e4 g5 30. e5 Nh5 31. Nd3 Rg8 32. Nc5 Nf4 33. Kh2 g4 34. Nxe6 fxe6 35. Rf1 g3+ 36. Kh1 Nh5 37. Rf7 Rg7 38. Rxg7 Kxg7 39. Rf1 Rb7 40. Bd1 Kg6 41. Bxh5+ Kxh5 42. Rf6 a5 43. Kg1 axb4 44. cxb4 Rxb4 45. Kf1 Rxa4 46. Rxe6 Rf4+ 47. Kg1 Re4 48. Kf1 c5 49. Rc6 c4 50. e6 Kg5 51. Rc5 Kf6 52. Rxd5 Kxe6 53. Rh5 c3 54. Rxh6+ Kd5 55. Rh8 Kc4 56. Rc8+ Kd3 57. Rd8+ Kc2 58. h4 Kc1 59. h5 Re6 0-1

[Event "Chishmy-ch"]
[Site "Chishmy"]
[Date "2016.04.14"]
[Round "8"]
[White "Mikhailenko, Artem"]
[Black "Gabidullin, Vadim"]
[Result "0-1"]
[WhiteElo "1233"]
[BlackElo "1444"]
[PlyCount "84"]
[EventDate "2016.04.12"]
[EventType "tourn"]
[EventRounds "11"]
[EventCountry "RUS"]
[SourceTitle "CBM 171 Extra"]
[Source "ChessBase"]
[SourceDate "2016.04.26"]
[SourceVersion "1"]
[SourceVersionDate "2016.04.26"]
[SourceQuality "1"]

1. e4 e5 2. Nf3 Nc6 3. Bc4 Bc5 4. 0-0 Nf6 5. Nc3 0-0 6. d3 h6 7. Be3 Bb6 8. Nd5 d6 9. h3 Be6 10. Nc3 d5 11. exd5 Nxd5 12. Nxd5 Bxd5 13. Bb3 Nd4 14. Nh2 f5 15. f4 Bxb3 16. axb3 Nxc2 17. Qxc2 Bxe3+ 18. Kh1 Bxf4 19. Rf3 Qd4 20. g3 Bg5 21. Raf1 e4 22. dxe4 fxe4 23. Rxf8+ Rxf8 24. Rxf8+ Kxf8 25. Qxc7 Qd1+ 26. Kg2 Qd2+ 27. Kh1 Qc1+ 28. Qxc1 Bxc1 29. Kg2 Kf7 30. Kf2 Ke6 31. Nf1 Kd5 32. Ke2 Kd4 33. Kd1 Bxb2 34. Kd2 Bc3+ 35. Kc2 e3 36. Kd1 Kd3 37. Nxe3 Kxe3 38. h4 a5 39. g4 b5 40. g5 a4 41. gxh6 gxh6 42. h5 axb3 0-1

[Event "Chishmy-ch"]
[Site "Chishmy"]
[Date "2016.04.12"]
[Round "2"]
[White "Nazmeev, Kamil"]
[Black "Gabidullin, Vadim"]
[Result "0-1"]
[WhiteElo "1279"]
[BlackElo "1444"]
[PlyCount "88"]
[EventDate "2016.04.12"]
[EventType "tourn"]
[EventRounds "11"]
[EventCountry "RUS"]
[SourceTitle "CBM 171 Extra"]
[Source "ChessBase"]
[SourceDate "2016.04.26"]
[SourceVersion "1"]
[SourceVersionDate "2016.04.26"]
[SourceQuality "1"]

1. e4 e5 2. Nf3 Nf6 3. Nxe5 d6 4. Nf3 Nxe4 5. Qe2 Qe7 6. d3 Nf6 7. Nc3 Bg4 8. h3 Bxf3 9. gxf3 Qxe2+ 10. Bxe2 Nc6 11. Be3 0-0-0 12. 0-0-0 h6 13. Rhg1 d5 14. d4 Re8 15. Rd3 Bb4 16. a3 Ba5 17. Rxg7 Re7 18. Bf4 Nh5 19. Rg4 Bxc3 20. Rxc3 Rxe2 21. Rh4 Nxf4 22. Rxf4 Rh7 23. Rf5 Ne7 24. Re5 Rxe5 25. dxe5 Kd7 26. Kd2 Ke6 27. Rxc7 Nc6 28. Rxb7 Kxe5 29. Rc7 Kd6 30. Rb7 a5 31. b4 axb4 32. axb4 Ne5 33. Ke2 Rh8 34. f4 Nc4 35. Rxf7 Re8+ 36. Kd3 Nb2+ 37. Kd2 Rb8 38. Rh7 Rxb4 39. Rxh6+ Kc5 40. f5 Nc4+ 41. Kc1 Ne5 42. f6 Rb6 43. Rh5 Nd7 44. f7 Rf6 0-1

[Event "Chishmy Cup 03 A"]
[Site "Chishmy"]
[Date "2016.03.16"]
[Round "7"]
[White "Davletshina, Roza"]
[Black "Gabidullin, Vadim"]
[Result "1-0"]
[WhiteElo "1530"]
[BlackElo "1463"]
[PlyCount "95"]
[EventDate "2016.03.13"]
[EventType "tourn"]
[EventRounds "9"]
[EventCountry "RUS"]
[SourceTitle "EXT 2022"]
[Source "ChessBase"]
[SourceDate "2021.10.06"]
[SourceVersion "1"]
[SourceVersionDate "2021.10.06"]
[SourceQuality "1"]

1. e4 e5 2. Nf3 Nf6 3. Nc3 Nc6 4. Bc4 Bb4 5. Nd5 Bc5 6. d3 0-0 7. Bg5 Be7 8. Qd2 Nxd5 9. Bxd5 Bxg5 10. Nxg5 d6 11. 0-0-0 Ne7 12. Bb3 d5 13. exd5 Nxd5 14. h4 f6 15. Nh3 a5 16. f4 a4 17. Bc4 c6 18. fxe5 fxe5 19. Ng5 b5 20. Bxd5+ Qxd5 21. Kb1 h6 22. Ne4 Be6 23. Nc3 Qd4 24. a3 b4 25. Ne2 Qd5 26. c4 Qxg2 27. Rhg1 Qh2 28. Qxh6 Rf7 29. Qxe6 Qxe2 30. Qxc6 Raa7 31. Qe8+ Rf8 32. Qe6+ Rff7 33. Rge1 Qf2 34. Qxe5 bxa3 35. Qb8+ Kh7 36. Re8 Rab7 37. Rh8+ Kg6 38. Qd6+ Kf5 39. Qxa3 Kg4 40. c5 Rfe7 41. Qxa4+ Kg3 42. Qa3 Re2 43. d4+ Kh2 44. b4 Re1 45. Rxe1 Qxe1+ 46. Ka2 Qd2+ 47. Qb2 Ra7+ 48. Kb1 1-0

[Event "Chishmy Cup 03 A"]
[Site "Chishmy"]
[Date "2016.03.15"]
[Round "6"]
[White "Gabidullin, Vadim"]
[Black "Ganiev, Renat"]
[Result "0-1"]
[WhiteElo "1463"]
[BlackElo "1927"]
[PlyCount "64"]
[EventDate "2016.03.13"]
[EventType "tourn"]
[EventRounds "9"]
[EventCountry "RUS"]
[SourceTitle "EXT 2022"]
[Source "ChessBase"]
[SourceDate "2021.10.06"]
[SourceVersion "1"]
[SourceVersionDate "2021.10.06"]
[SourceQuality "1"]

1. e4 e5 2. Nf3 Nf6 3. Nxe5 d6 4. Nf3 Nxe4 5. d3 Nf6 6. Nc3 Be7 7. Be2 0-0 8. Bg5 Re8 9. 0-0 Nc6 10. d4 d5 11. Re1 Bf5 12. Bb5 Ne4 13. Bf4 Bb4 14. Bxc7 Qxc7 15. Nxd5 Qd6 16. Nxb4 Qxb4 17. Bxc6 bxc6 18. Re3 Rad8 19. a3 Qb6 20. Rb3 Qc7 21. Rb4 Bg4 22. Qd3 Bxf3 23. Qxf3 Ng5 24. Qg4 Qe7 25. h3 Qf6 26. Rd1 Re4 27. Qg3 Ne6 28. c3 Nf4 29. Kf1 Rde8 30. d5 Rxb4 31. axb4 Nxd5 32. b5 Ne3+ 0-1

[Event "Chishmy Cup 02 A"]
[Site "Chishmy"]
[Date "2016.02.14"]
[Round "4"]
[White "Baiburina, Kamilla"]
[Black "Gabidullin, Vadim"]
[Result "1-0"]
[WhiteElo "1718"]
[BlackElo "1443"]
[PlyCount "33"]
[EventDate "2016.02.14"]
[EventType "tourn"]
[EventRounds "7"]
[EventCountry "RUS"]
[SourceTitle "EXT 2022"]
[Source "ChessBase"]
[SourceDate "2021.10.06"]
[SourceVersion "1"]
[SourceVersionDate "2021.10.06"]
[SourceQuality "1"]

1. e4 e5 2. d4 exd4 3. Nf3 Nc6 4. Bc4 Nf6 5. e5 Ng4 6. 0-0 d5 7. Bb5 Bc5 8. h3 h5 9. Nxd4 Bd7 10. Bxc6 bxc6 11. hxg4 hxg4 12. g3 Rh5 13. e6 fxe6 14. Qxg4 Re5 15. Nf3 Re2 16. Qxg7 Rxc2 17. Qg8+ 1-0

[Event "Chishmy Cup 02 A"]
[Site "Chishmy"]
[Date "2016.02.14"]
[Round "2"]
[White "Davletshina, Roza"]
[Black "Gabidullin, Vadim"]
[Result "1-0"]
[WhiteElo "1535"]
[BlackElo "1443"]
[PlyCount "153"]
[EventDate "2016.02.14"]
[EventType "tourn"]
[EventRounds "7"]
[EventCountry "RUS"]
[SourceTitle "EXT 2022"]
[Source "ChessBase"]
[SourceDate "2021.10.06"]
[SourceVersion "1"]
[SourceVersionDate "2021.10.06"]
[SourceQuality "1"]

1. e4 e5 2. Nf3 Nf6 3. Nc3 Nc6 4. d3 d5 5. exd5 Nxd5 6. Bd2 Bb4 7. Nxd5 Bxd2+ 8. Qxd2 Qxd5 9. h3 Bf5 10. Qg5 Bg6 11. Be2 f6 12. Qe3 Nb4 13. Qd2 a5 14. a3 Nc6 15. 0-0 0-0 16. Nh4 Bf7 17. Nf5 e4 18. Ne3 Qd6 19. Rad1 Rad8 20. Qc3 Nd4 21. Rfe1 b6 22. dxe4 Qe5 23. Bd3 Bg6 24. Ng4 Qd6 25. e5 fxe5 26. Nxe5 Bxd3 27. Rxd3 Qf6 28. Nf3 Nxf3+ 29. Rxf3 Qxc3 30. Rxc3 Rd7 31. Rce3 Kf7 32. Rf3+ Kg8 33. Rxf8+ Kxf8 34. Re2 Kf7 35. g3 Kf6 36. Kg2 Rd5 37. f3 Rb5 38. b3 Rc5 39. c4 b5 40. cxb5 Rxb5 41. Re3 Rd5 42. Kf2 c5 43. Ke2 Rh5 44. h4 Rd5 45. Re4 h6 46. Ra4 g5 47. hxg5+ Rxg5 48. Kf2 c4 49. Rxc4 Rb5 50. b4 axb4 51. axb4 Kg6 52. Ke3 h5 53. Rc6+ Kg7 54. Rc4 Rg5 55. Kf4 Rb5 56. Ke3 Kg6 57. f4 Kh6 58. Kd3 Rb6 59. Ke3 Rg6 60. Kf3 Rb6 61. Ke4 Rg6 62. Rc3 Rb6 63. Rb3 Kg6 64. b5 Kf6 65. Kf3 Kf5 66. Rb4 Rd6 67. b6 Rd3+ 68. Kf2 Rd2+ 69. Kf3 Rd3+ 70. Kf2 Rd8 71. b7 Rb8 72. Kf3 Kf6 73. Ke4 Ke6 74. f5+ Kf6 75. Kf4 Kf7 76. Kg5 Kg7 77. Kxh5 1-0

[Event "Chishmy Cup 02 A"]
[Site "Chishmy"]
[Date "2016.02.14"]
[Round "1"]
[White "Gabidullin, Vadim"]
[Black "Ganiev, Renat"]
[Result "0-1"]
[WhiteElo "1443"]
[BlackElo "1861"]
[PlyCount "50"]
[EventDate "2016.02.14"]
[EventType "tourn"]
[EventRounds "7"]
[EventCountry "RUS"]
[SourceTitle "EXT 2022"]
[Source "ChessBase"]
[SourceDate "2021.10.06"]
[SourceVersion "1"]
[SourceVersionDate "2021.10.06"]
[SourceQuality "1"]

1. d4 e6 2. e4 d5 3. Nc3 dxe4 4. Nxe4 Nf6 5. Qd3 Nc6 6. Nf3 Nb4 7. Qe2 Be7 8. Nc3 0-0 9. Bg5 Nbd5 10. Qd3 h6 11. Bh4 Bb4 12. g4 Bxc3+ 13. bxc3 Nf4 14. Qe4 Nxe4 15. Bxd8 Rxd8 16. Bd3 Nxc3 17. Kd2 Ncd5 18. Be4 Nf6 19. Ke3 N4d5+ 20. Bxd5 Nxd5+ 21. Ke4 b6 22. g5 hxg5 23. Nxg5 Bb7 24. Ke5 f6+ 25. Kxe6 Bc8# 0-1